| 000 | 00681nam a2200217Ia 4500 | ||
|---|---|---|---|
| 005 | 20240427141208.0 | ||
| 008 | 131103s9999 xx 000 0 und d | ||
| 020 | _a0 89774 232 X | ||
| 040 | _aLoreto College | ||
| 041 | _aEnglish | ||
| 082 |
_a371.3 _bGOR |
||
| 245 |
_aEncyclopedia of School Administration & Supervision _cEdited by Richard A Gorton, Gail T Schneider & James C Fisher |
||
| 260 |
_aNew York _bOryx _c1988 |
||
| 300 | _axxiv,321p. | ||
| 504 | _aIncludes bibliographies & index | ||
| 650 | _aSchool management & organization - United States - Dictionaries | ||
| 651 | _aEducation | ||
| 700 | _aGordon, Richard A; ed. | ||
| 850 | _aLCBED | ||
| 942 | _cBK | ||
| 999 |
_c26054 _d76533 |
||